000 00537nam a2200193Ia 4500
003 GCL
008 140319s9999 xx 000 0 ara d
040 _aGCL /
_cGCL
082 0 4 _a811.01
_bا ك
100 1 _aاحمد الشهاوى
245 1 0 _aكتاب العشق /
_cاحمد الشهاوى
260 _a[S.N] :
_bدار سعاد الصباح ،
_c1992
300 _a274 ص
490 _a
650 0 4 _aالشعر العربى
650 0 4 _aالشعر الغزلى
650 0 4 _aالشعر العاطفى
942 _2ddc
_cBK
999 _c43005
_d43005